| 000 | 01282nam a22002537a 4500 | ||
|---|---|---|---|
| 005 | 20090225164958.0 | ||
| 008 | 090212t xxu||||| |||| 00| 0 eng d | ||
| 010 | _aTEL-5002 | ||
| 020 | _cRs.100.00 | ||
| 035 | _aTL-4009 | ||
| 037 | _bDBAD / PUB | ||
| 040 |
_adpl _bTelugu |
||
| 082 | _a153.83 | ||
| 100 | _aరాధాకృష్ణమూర్తి, కంఠంనేని | ||
| 245 |
_aవిన్నింగ్ డెసిషన్స్ / _cకంఠంనేని రాధాకృష్ణమూర్తి |
||
| 246 |
_aWinning decisions _bKantamneni radhakrishna murthy |
||
| 260 |
_aహైదరాబాద్ _bనిహిల్ పబ్లికేషన్స్ _c2009 |
||
| 270 |
_aప్లాట్ నెం. 201, సెకండ్ ప్లోర్, యస్.యస్.ప్రశాంతి రెసిడెన్సి, ఎల్లారెడ్డి గూడ _bహైదరాబాద్ _e500073 |
||
| 300 |
_a159పే. _c23 సె.మీ. |
||
| 650 | _aడెసిషన్స్ | ||
| 650 | _adecision making | ||
| 942 |
_2ddc _cTL _h153.83 _m/ RAD |
||
| 999 |
_c23945 _d23945 |
||